000 00425nam a2200181Ia 4500
005 20250923145114.0
008 008 250917s9999 xx 000 0 eng d
037 _aTextual
040 _aDSWL
_beng
_cDSWL
041 _aeng
_2eng
084 _qDSWL
245 0 _aAram Kanvaka
260 _aPoona
_bKavengar
_c1946
365 _aINR
_b2.25
925 _g2.25
942 _cTEXL
999 _c1447153
_d1447153